00357nam a2200109Ia 4500082001200000245002500012100004800037942000700085008004100092999001900133952009500152 aAF LEMM 0aOm die berg te klim  a LEMMER, Cornelia Kaapstad, 2002 910731 cBK210817s9999 xx 000 0 und d c185312d185312 00104070aFUNDLbFUNDLd2021-08-18g85.00l0p33228016744284r2021-08-18w2021-08-18yBK